000 00879nam a2200301 a 4500
008
020 _a9781405306126 (hardback)
040 _aNUST
_cNUST
049 _aMAIN
090 _aRG525
_bSTO
100 1 _aStoppard, Miriam.,
_aauthor.
245 1 0 _aConception, pregnancy & birth/
_c Mirriam Stoppard.
260 _aLondon :
_bDorling Kindersley,
_c2005.
300 _a376 pages :
_billustrations (chiefly colour) ;
_c24 cm.
336 _atext
_btxt
_2rdacontent
337 _aunmediated
_bn
_2rdamedia
338 _avolume
_bnc
_2rdacarrier
500 _aIncludes index.
650 1 _aChildbirth.
650 _aPregnancy.
650 _aConception.
650 _aNewborn infants.
650 _aAustralia.
907 _a.b10405306
_b16-06-21
_c16-06-21
003
005 20230120204308.0
942 _cBOOKS
_kRG525
_mSTO
999 _c120674
_d120674